000 00608nam a2200205Ia 4500
003 GCL
008 140319s9999 xx 000 0 ara d
040 _aGCL /
_cGCL
082 0 4 _aط
_b813.088
_bع ا
100 1 _aعبدالسلام بدوى
245 1 0 _aيوسف عليه السلام 2 /
_cعبدالسلام بدوى
260 _a[S.N] :
_bدار المعارف ،
_c1989
300 _a30 ص
490 _aانبياء قبل الاربعين
_v0
650 0 4 _aالاطفال
650 0 4 _aالقصص
650 0 4 _aقصص الاطفال
650 0 4 _aقصص الانبياء
942 _2ddc
_cBK
999 _c56558
_d56558